[Event "78th Armenian Chess Ch"]
[Site "Yerevan"]
[Date "2017.08.11"]
[Round "3"]
[White "Mkrtchyan, Eduard"]
[Black "Hakobyan, Aram"]
[Result "0-1"]
[WhiteElo "2203"]
[BlackElo "2466"]
[Annotator "TA"]
[PlyCount "142"]
[EventDate "2017.??.??"]
[EventCountry "ARM"]
[SourceTitle "playchess.com"]
[Source "ChessBase"]
[SourceQuality "1"]

{[%evp 23,142,28,12,-28,-33,-42,-39,-38,-27,-36,-23,-19,-14,-31,-32,-103,-100,-115,-114,-112,-100,-115,-87,-85,-92,-113,-100,-98,-94,-135,-87,-173,-71,-85,-71,-71,-66,-87,-95,-96,-66,-62,-58,-89,-72,-337,-330,-324,-292,-507,-490,-565,-550,-550,-579,-688,-688,-614,-683,-650,-629,-743,-635,-797,-535,-1158,-690,-2414,-1236,-12844,-12840,-12845,-12840,-12843,-12843,-12843,-12843,-12845,-12846,-12849,-12845,-12846,-12846,-12847,-12847,-12848,-12848,-12849,-12847,-12848,-12847,-12850,-12846,-12847,-12847,-12847,-12846,-12850,-12846,-12850,-12848,-12849,-12849,-12851,-29981,-12851,-29982,-12851,-29983,-29984,-29984,-29984,-29984,-29984,-29984,-29989,-29983,-29988,-29982,-29997,-29998]} 1. d4 Nf6 2. c4 e6 3. Nf3 d5 4. Nc3 c6 5. Bg5 h6 6. Bxf6 Qxf6 7. g3 Be7 8. Bg2 Nd7 9. O-O dxc4 10. Ne4 {D43: Semi-Slav: 5 Bg5 h6} Qf5 11. Ned2 e5 12. e4 Qe6 {LiveBook: 8 Games} 13. dxe5 $146 ({Predecessor:} 13. Rc1 b5 14. b3 c3 15. Rxc3 Bb7 16. d5 cxd5 17. Rc7 Rb8 18. exd5 Bxd5 {½-½ (54) Li,C (2755)-Topalov,V (2754) Stavanger 2016}) 13... Nxe5 14. Nxe5 Qxe5 15. Nxc4 Qc5 16. Rc1 Be6 17. Ne3 Qb6 18. Qe2 O-O 19. Nd5 (19. Nc4 $15 Qb5 20. b3) 19... cxd5 $17 20. exd5 Bg5 {White must now prevent ...Bd7.} 21. dxe6 Bxc1 22. exf7+ Kh8 23. Rxc1 Rxf7 24. Bd5 Rf6 25. Rc3 Raf8 {[%cal Rf6f2]} 26. Bf3 Qd4 27. Kg2 (27. a3 $17 {might work better.}) 27... b6 (27... g5 $1 $19 {[%cal Rg5g4] is more deadly.} 28. h3 h5 $1 {[%mdl 512]}) 28. Re3 Rd6 29. Re7 a5 30. h4 Rdf6 31. Re3 Qd8 32. Qb5 Rd6 33. Rb3 Qf6 34. Qh5 $2 {[%mdl 8192] [#]} (34. a3 $17) 34... Rd2 $1 $19 35. Qg4 Rxb2 36. Re3 $2 (36. Rxb2 Qxb2 37. Qc4) 36... Rxa2 37. Re6 Qf7 38. Re4 {[#]} h5 $1 39. Qxh5+ Qxh5 40. Bxh5 Raxf2+ {[%mdl 4096] Endgame KRR-KRB} 41. Kh3 b5 42. Bg4 g6 43. Re5 b4 44. Rxa5 Rb8 45. h5 b3 {And now ...b2 would win.} 46. hxg6 Kg7 47. Kh4 Kxg6 48. Bh5+ Kf6 49. Ra6+ Ke5 50. Ra1 Rh2+ 51. Kg5 b2 {( -> ...Rg8+)} 52. Re1+ Kd4 53. Bg6 Rg8 54. g4 Rg2 55. Re4+ Kc3 56. Re3+ Kb4 57. Re6 Ka5 58. Re5+ Ka4 59. Re4+ Ka3 60. Re6 Rg1 ({Not} 60... b1=Q 61. Ra6+ Kb4 62. Rb6+ Kc5 63. Rxb1 $17) 61. Kf4 Rf1+ 62. Kg3 {[#]} Rxg6 $1 {[%mdl 512]} 63. Rxg6 b1=Q 64. Ra6+ Kb4 65. Rb6+ Kc5 66. Rxb1 {Black mates.} Rxb1 {KR-KP} 67. Kf4 Kd6 68. Kf5 Ke7 69. Kg6 Kf8 70. g5 Rb6+ 71. Kh7 Kf7 {Precision: White = 24%, Black = 66%.} 0-1

[Event "78th Armenian Chess Ch"]
[Site "Yerevan"]
[Date "2017.08.12"]
[Round "4"]
[White "Hayrapetyan, Hovik"]
[Black "Petrosyan, Manuel"]
[Result "1-0"]
[WhiteElo "2502"]
[BlackElo "2565"]
[Annotator "TA"]
[PlyCount "113"]
[EventDate "2017.??.??"]
[EventCountry "ARM"]
[SourceTitle "playchess.com"]
[Source "ChessBase"]
[SourceQuality "1"]

{[%evp 24,113,46,44,40,35,39,30,57,-15,84,44,66,58,68,18,18,18,16,11,18,20,15,-2,0,0,0,-9,6,0,0,0,0,0,0,0,0,0,0,0,0,0,4,4,8,8,13,6,101,114,143,133,133,105,165,74,84,75,102,120,92,59,59,58,64,29,21,15,83,89,90,86,239,230,230,220,160,93,779,779,1364,1362,1908,1881,2681,2302,29985,29986,29986,29987,29989,29990]} 1. d4 Nf6 2. c4 e6 3. Nc3 Bb4 4. Qc2 c5 5. dxc5 O-O 6. a3 Bxc5 7. Nf3 Qb6 8. e3 Qc7 {E39: Nimzo-Indian: Classical: 4...c5 5 dxc5 0-0} (8... Be7 9. Bd3 d6 10. O-O Nbd7 11. b4 a6 12. Bb2 Qc7 13. Ne4 h6 14. Nxf6+ Bxf6 15. Rac1 Bxb2 16. Qxb2 b6 17. Be4 Rb8 18. Nd2 {½-½ (30) Vitiugov,N (2735)-Bachmann,A (2629) Caleta 2015}) 9. Be2 a6 10. O-O Be7 11. e4 d6 12. Rd1 Nbd7 {[%cal Bb8d7,Bd7e5,Be5f3][%mdl 32]} 13. Bf4 {LiveBook: 3 Games} b6 14. Nd4 Bb7 15. f3 $146 ({Find the theoretical novelty and annotate with similar games:} 15. Bg3 Rac8 16. Rac1 Qb8 17. f4 Qa8 18. Bh4 Rfe8 19. Bxf6 Nxf6 {½-½ (41) Gregor,J (2205)-Dolezal,R (2290) Czechia 1999}) 15... Ne5 16. b4 (16. Qd2 $14) 16... d5 (16... Rfc8 $11 {remains equal.}) 17. exd5 $1 $16 Nxf3+ $1 18. Bxf3 Qxf4 19. Qd2 Qxd2 20. Rxd2 {Hoping for d6!} exd5 21. Nf5 Rfe8 22. Nxe7+ Rxe7 23. cxd5 Rd8 24. Rad1 Rd6 25. Kf2 g6 (25... Rc7 $5 {[%cal Rc7c3]} 26. Rd3 h6 $11) 26. Rd4 Rc7 27. R1d3 h5 28. h3 Bc8 29. g4 hxg4 30. hxg4 g5 31. Re3 Kf8 32. Nd1 Rc2+ 33. Kg3 Ra2 34. Rdd3 Ne8 35. Nf2 Bb7 (35... Rg6 $11 {keeps the balance.}) 36. Ne4 $1 {[%csl LRd6,LRg5]} Rd8 37. Nxg5 Nd6 38. Rd4 Re8 (38... Kg7 $16 {is a better defense.}) 39. Rxe8+ (39. Nh7+ $18 {and White stays clearly on top.} Kg7 40. Rxe8 Nxe8 41. Ng5) 39... Kxe8 40. Rd3 Kd7 41. Kf4 Rh2 42. Ne4 Nxe4 $1 43. Bxe4 $14 {[%mdl 4096] Endgame And now Ke5 would win. KRB-KRB} Kd6 44. Kg5 {Black must now prevent Rf3.} Ke5 45. Bf3 {Threatens to win with d6.} Bc8 (45... Rh3 $11) 46. Re3+ $16 Kd6 {[#]} 47. Re8 $1 {[%cal Re8c8]} Rf2 $2 {[#]} (47... Rc2 $16) 48. Kf4 $1 $18 ({Don't take} 48. Rxc8 $6 Rxf3 49. Rc6+ Kxd5 $16) 48... Rc2 49. Be4 Rc4 50. g5 (50. Rg8 $142) 50... Bb7 $2 {[%mdl 8192]} (50... Bh3 $16) 51. Rh8 a5 52. Rh6+ Kc7 53. Ke5 axb4 54. axb4 Bc8 55. d6+ {White mates.} Kb8 56. Rh8 Ka7 57. Bd5 {Precision: White = 60%, Black = 41%.} 1-0

[Event "78th Armenian Chess Ch"]
[Site "Yerevan"]
[Date "2017.08.12"]
[Round "4"]
[White "Baghdasaryan, Vahe"]
[Black "Harutyunian, Tigran K"]
[Result "0-1"]
[WhiteElo "2469"]
[BlackElo "2513"]
[Annotator "TA"]
[PlyCount "104"]
[EventDate "2017.??.??"]
[EventCountry "ARM"]
[SourceTitle "playchess.com"]
[Source "ChessBase"]
[SourceQuality "1"]

{[%evp 25,104,-4,-7,-17,-25,-31,-45,-54,14,0,0,0,0,0,0,0,197,-19,0,0,0,0,0,-57,-50,-63,0,-107,-105,-116,-110,-233,-229,-223,-212,-200,0,-135,-135,-135,-135,-135,-135,-135,-135,-135,-135,-135,-135,-135,-135,-135,-135,-128,-128,-128,-128,-128,-128,-128,-128,-128,-128,-128,-128,-12831,-222,-12834,-12835,-12834,-12835,-12835,-12835,-12836,-915,-12835,-12834,-12834,-12833,-6287,-1557]} 1. g3 d5 2. Nf3 Nf6 3. Bg2 e6 4. O-O Be7 5. d3 O-O 6. Nbd2 a5 7. e4 {[%cal Be2e4,Be4e5][%mdl 32]} a4 8. e5 Nfd7 9. a3 c5 10. Re1 Nc6 11. Nf1 b5 12. h4 b4 13. N1h2 bxa3 {LiveBook: 43 Games. C00: French: Unusual White 2nd moves} (13... Bb7 14. Bf4 Re8 15. c3 bxc3 16. bxc3 Ra6 17. h5 Qa8 18. h6 g6 19. d4 Rb6 20. Ng4 Rb3 21. Qd2 {0-1 (46) Tabatabaei,M (2509)-Van Wely,L (2675) Bandar e Anzali 2017}) 14. Rxa3 Qc7 {[%cal Rc6e5]} 15. Bf4 c4 {Black is slightly better.} 16. dxc4 $146 ({Predecessor:} 16. Ra1 cxd3 17. cxd3 Nc5 18. Bg5 Bxg5 19. Nxg5 Nb3 20. Rb1 Ba6 21. Ng4 {0-1 (43) Bobone Carvalho,D-Bergmann,M (2410) ICCF email 2001}) 16... Nb6 (16... Bxa3 $15 17. bxa3 Nb6) 17. cxd5 (17. Ng4 $5 {[%cal Rg4f6]}) 17... Nxd5 18. Ng5 $1 h6 19. Bxd5 Bxa3 20. Be4 hxg5 $2 (20... Bxb2 $11 21. Nh7 Bxe5 22. Bxe5 Nxe5 23. Nxf8 Ra5) 21. hxg5 $2 (21. Qh5 $18 {[%csl Ge4][%cal Rh5h7]} g6 22. Qxg5) 21... g6 22. bxa3 Bb7 23. Ng4 Ne7 {[%cal Bc6e7,Be7f5,Bf5h4][%mdl 32]} 24. Qf3 (24. Qd6 $11 Rac8 25. Bd2 Bxe4 26. Qxc7 Rxc7 27. Rxe4) 24... Bxe4 $15 25. Rxe4 {Strongly threatening Qh1.} Qxc2 {[#]} (25... Kg7 $1 $15 26. Bd2 Nf5) 26. Nh6+ (26. Rc4 $1 $11 {[%mdl 512]} Qb3 (26... Qxc4 27. Qh1) 27. Rc3) 26... Kg7 $1 $17 27. Be3 {White threatens Qf6+ and mate.} Nf5 $1 28. g4 (28. Rb4 $17) 28... Nh4 $19 29. Qf4 Rab8 30. Kh2 {[#]} Rb1 $2 (30... Qd1 $1 $19 31. Bc5 {[#]} Qf3 $1 {[%mdl 512]} 32. Bxf8+ Rxf8 33. Qxf3 Nxf3+ 34. Kg3 Nxg5 35. Rxa4 Kxh6) 31. Rb4 (31. Qf6+ $1 $11 Kh7 32. Rf4) 31... Rxb4 $17 32. axb4 {aiming for Bc5.} Qc6 {[%csl Gh4][%cal Rc6g2]} 33. Kg3 {[#]} Qf3+ $1 {[%mdl 512]} 34. Qxf3 Nxf3 35. Kxf3 a3 36. Ke2 a2 37. Bd4 Rb8 38. f3 Rxb4 39. Ba1 Kf8 {[%mdl 1024] Black has strong compensation.} 40. Kd2 Rb1 41. Bd4 Ke7 42. Kc2 Rf1 43. f4 Kf8 ({Don't do} 43... Rxf4 44. Bc5+ Kd7 45. Kb2 $15) 44. Bb2 Kg7 45. Bc3 $2 {[%mdl 8192]} (45. Kc3 $17) 45... Rxf4 $2 (45... Rf2+ 46. Kb3 Rf3 47. Kxa2 Rxc3) 46. Kb2 $2 (46. Ba1 Rb4 47. Bb2) 46... Rc4 $19 {Black is clearly winning.} 47. Bd2 {[#]} Rc2+ $1 {[%mdl 512]} 48. Kxc2 a1=Q 49. Kd3 Kf8 (49... Qd1 $142 50. Kc3 Qf3+ 51. Kb2 Qe2) 50. Ke4 Qb1+ 51. Kf4 Qf1+ 52. Ke3 Qc4 {Precision: White = 45%, Black = 58%.} 0-1

[Event "78th Armenian Chess Ch"]
[Site "Yerevan"]
[Date "2017.08.12"]
[Round "4"]
[White "Hakobyan, Aram"]
[Black "Mikaelyan, Arman"]
[Result "1-0"]
[WhiteElo "2466"]
[BlackElo "2486"]
[Annotator "TA"]
[PlyCount "77"]
[EventDate "2017.??.??"]
[EventCountry "ARM"]
[SourceTitle "playchess.com"]
[Source "ChessBase"]
[SourceQuality "1"]

{[%evp 26,77,62,38,93,95,101,94,91,97,90,86,89,82,114,83,147,83,83,73,125,102,122,110,133,91,93,90,318,328,329,301,284,234,716,692,1059,1058,1052,1043,2500,2477,2255,2141,3299,2491,29983,29980,29986,29987,29987,29988,29988,29987]} 1. e4 e5 2. Nf3 Nc6 3. Bb5 a6 4. Ba4 Nf6 5. O-O Be7 6. Re1 b5 7. Bb3 d6 8. c3 O-O 9. h3 Bb7 10. d4 Nd7 11. Nbd2 Bf6 12. Nf1 Re8 13. d5 {C92: Closed Ruy Lopez: 9...Be6, Karpov and Flohr-Zaitsev Variations} (13. g4 g6 14. Ng3 Na5 15. Bc2 d5 16. exd5 Bxd5 17. Be4 Bxe4 18. Nxe4 exd4 19. Nxd4 Ne5 20. Bf4 Bg7 21. Bxe5 Rxe5 {1-0 (58) Tazbir,M (2544)-Mista,A (2584) Germany 2013}) 13... Na5 14. Bc2 {LiveBook: 5 Games} Nc4 (14... Nb6 $14) 15. a4 $16 {White is better.} bxa4 16. Bxa4 Ncb6 17. Bc2 a5 18. b3 $146 ({Find the theoretical novelty and annotate with similar games:} 18. Ne3 Nc5 19. c4 c6 20. Bd2 cxd5 21. cxd5 {1-0 (41) Almagro Llamas,P (2479)-Mascaro March,P (2367) Villava 2009}) 18... g6 19. Ne3 Ra7 20. Bd2 Qa8 (20... Qe7 $142) 21. Ra2 (21. Ng4 $142) 21... c6 {[%cal Rc6d5]} 22. c4 Bd8 (22... Bg7 $142) 23. Bc3 cxd5 24. cxd5 Nc5 25. Qd2 {[%cal Ra2a5]} a4 26. bxa4 Nbxa4 $2 (26... Ba6 $16 {was necessary.}) 27. Rea1 $18 Ra6 28. Bb4 Be7 29. Nc4 f5 $2 (29... Rc8 30. Bxc5 Nxc5 31. Rxa6 Bxa6) 30. exf5 {[%cal Be4f5,Bf5g6,Bg6h7][%mdl 32]} e4 31. fxg6 Bf6 {[#]} 32. Qh6 $1 Bxd5 33. gxh7+ Kf7 34. Bxa4 Nxa4 {[#]} 35. Rxa4 $1 Rxa4 36. Rxa4 {White mates.} Qxa4 37. Nxd6+ Ke6 38. Nxe8 Qxe8 39. Bc3 {Precision: White = 80%, Black = 33%.} 1-0

[Event "78th Armenian Chess Ch"]
[Site "Yerevan"]
[Date "2017.08.12"]
[Round "4"]
[White "Harutjunyan, Gevorg"]
[Black "Shahinyan, David"]
[Result "0-1"]
[WhiteElo "2454"]
[BlackElo "2428"]
[Annotator "TA"]
[PlyCount "82"]
[EventDate "2017.??.??"]
[EventCountry "ARM"]
[SourceTitle "playchess.com"]
[Source "ChessBase"]
[SourceQuality "1"]

{[%evp 11,82,97,83,59,109,97,112,109,114,103,100,112,97,102,105,91,137,147,143,106,159,103,113,127,167,179,168,186,178,59,60,55,50,64,40,-19,-29,-22,0,0,10,0,59,-31,-18,-27,-23,-22,-5,-36,-53,-139,-154,-271,-264,-234,-265,-361,-377,-375,-350,-283,-360,-540,-564,-602,-531,-1102,-1093,-1024,-989,-1037,-1012]} 1. Nf3 d5 2. g3 Nc6 3. d4 Bg4 4. Bg2 Nf6 5. Ne5 Bf5 (5... e6 6. Nxg4 Nxg4 7. e4 Nf6 8. exd5 exd5 9. O-O Be7 10. c3 O-O {½-½ (10) Dizdarevic,E (2481)-Ilincic,Z (2468) Stara Pazova 2011}) 6. c4 {D02: 1 d4 d5 2 Nf3 sidelines, including 2...Nf6 3 g3 and 2...Nf6 3 Bf4} e6 {LiveBook: 8 Games} 7. Nc3 Be7 8. Qa4 {White is better.} O-O 9. Nxc6 bxc6 10. Qxc6 Rb8 $146 ({Predecessor:} 10... dxc4 11. Qxc4 Rb8 12. a3 a6 13. O-O {1-0 (25) Kierzek,M (2082)-Schriewer,T (1796) Dortmund 2003}) 11. cxd5 Rb6 12. Qa4 exd5 13. O-O Rb4 14. Qxa7 Qd7 15. a4 Rbb8 {[#]} (15... Rfb8 $142) 16. Nxd5 (16. Bf4 $142 $1) 16... Nxd5 $16 17. e4 Bg6 18. exd5 {Threatens to win with Bf4.} Bd3 19. Re1 Bd6 20. Re3 (20. Bf4 $18) 20... Ra8 $1 $14 {[%cal Ra8a7]} 21. Qb7 Bb5 $1 22. Bh3 f5 $1 23. axb5 ({Better is} 23. b3 $14) 23... Rxa1 $11 24. Re1 Re8 25. Rf1 g6 26. b6 Kf7 (26... Qb5 $11) 27. Bf4 (27. Be3 $14 Ra2 28. Qc6 Qxc6 29. dxc6) 27... Rxf1+ $15 28. Bxf1 Bxf4 29. gxf4 {[%mdl 4096] Endgame KQR-KQB} Re7 30. Bc4 {d6+ is the strong threat.} Kg7 31. Qc6 (31. bxc7 $1 $15 Qxc7 32. Qb4) 31... cxb6 $17 32. Bb5 (32. Kg2 $17) 32... Re1+ $19 33. Kg2 Qe7 {Hoping for ...Qe4+.} 34. d6 {[#]} Qe4+ $1 35. Qxe4 Rxe4 {KR-KB} 36. d5 {aiming for d7.} Kf6 37. Kg3 (37. Kf3 $142 Rb4 38. Bc6) 37... Rb4 {Black is clearly winning.} 38. Bc6 Rxb2 39. h4 b5 {[%cal Bb6b5,Bb5b4][%mdl 32]} 40. h5 b4 41. Be8 Rd2 {Precision: White = 35%, Black = 76%.} 0-1

[Event "78th Armenian Chess Ch"]
[Site "Yerevan"]
[Date "2017.08.12"]
[Round "4"]
[White "Sargsyan, Shant"]
[Black "Mkrtchyan, Eduard"]
[Result "1-0"]
[WhiteElo "2416"]
[BlackElo "2203"]
[Annotator "TA"]
[PlyCount "79"]
[EventDate "2017.??.??"]
[EventCountry "ARM"]
[SourceTitle "playchess.com"]
[Source "ChessBase"]
[SourceQuality "1"]

{[%evp 18,79,77,86,137,141,141,141,141,133,140,146,140,140,170,152,180,178,179,180,189,156,181,183,187,202,181,194,221,232,244,243,390,389,438,443,435,439,434,425,482,473,479,461,525,512,658,641,580,563,1510,1358,1474,1131,1465,1406,1656,1597,1656,1643,29959,29966,5632,5627]} 1. d4 d5 2. c4 e6 3. Nf3 Nf6 4. g3 b6 5. Bg2 Bb7 6. cxd5 exd5 7. O-O Be7 8. Nc3 O-O 9. Ne5 Nbd7 {[#]} 10. Qa4 $1 Qe8 {E18: Queen's Indian: Old Main Line (4 g3 Bb7 5 Bg2 Be7 6 0-0 0-0 7 Nc3)} (10... Nb8 $142) (10... Nb8 11. Rd1 a6 12. Bg5 Ne4 13. Bf4 Nxc3 14. bxc3 b5 15. Qb3 c6 16. e4 dxe4 17. Bxe4 Qc8 18. Re1 Bf6 {1-0 (40) Wang,Y (2734)-Khamrakulov,D (2509) Ha Long City 2009}) 11. Nxd7 $16 Qxd7 12. Qxd7 Nxd7 {White is clearly better.} 13. Bxd5 $146 ({Predecessor:} 13. Nxd5 Bxd5 14. Bxd5 Rad8 15. Bf3 Bf6 16. Bf4 c5 17. Bc7 Rc8 18. Bd6 {1-0 (26) Golubovic,B (2403)-Anicic,V (2212) Budva 2009}) 13... Bxd5 14. Nxd5 Bd8 15. Be3 c6 16. Nb4 Rc8 17. Rac1 Nb8 18. Bf4 a5 19. Nd3 Nd7 20. Rc2 Bf6 21. Rfc1 Bxd4 22. Rxc6 Rxc6 23. Rxc6 Nc5 24. Bd6 Nxd3 (24... Rd8 $142 25. Nxc5 bxc5) 25. Bxf8 $18 ({Less strong is} 25. exd3 Re8 $16) 25... Bxf2+ 26. Kg2 Kxf8 27. exd3 {[%mdl 4096] Endgame KR-KB} Bd4 28. Rd6 Bc5 29. Rd7 Ke8 30. Rb7 h5 31. Kf3 g5 32. g4 hxg4+ 33. Kxg4 f6 34. Kf5 Bd4 35. b3 {[%cal Bb2b3,Bb3a4][%mdl 32]} Kd8 36. h3 Kc8 37. Rf7 b5 38. a4 bxa4 39. bxa4 Kd8 40. Rxf6 {Precision: White = 98%, Black = 33%.} 1-0

[Event "78th Armenian Chess Ch"]
[Site "Yerevan"]
[Date "2017.08.12"]
[Round "4"]
[White "Kalashian, David"]
[Black "Torosyan, Norayr"]
[Result "1/2-1/2"]
[WhiteElo "2389"]
[BlackElo "2350"]
[Annotator "ChessBase"]
[PlyCount "100"]
[EventDate "2017.??.??"]
[EventCountry "ARM"]
[SourceTitle "playchess.com"]
[Source "ChessBase"]
[SourceQuality "1"]
[TimeControl "40/5400+30:1800+30"]

1. d4 {[%emt 0:00:00]} d5 {[%emt 0:00:25]} 2. Nf3 {[%emt 0:00:00]} Nf6 {[%emt 0:00:04]} 3. c4 {[%emt 0:00:00]} e6 {[%emt 0:00:11]} 4. Nc3 {[%emt 0:00:17]} Nbd7 {[%emt 0:00:41]} 5. Bg5 {[%emt 0:04:22]} h6 {[%emt 0:00:41]} 6. Bxf6 {[%emt 0:00:58]} Nxf6 {[%emt 0:00:51]} 7. e3 {[%emt 0:00:15]} c6 {[%emt 0:08:09]} 8. Ne5 {[%emt 0:01:55]} Be7 {[%emt 0:02:58]} 9. Bd3 {[%emt 0:02:56]} O-O {[%emt 0:00:17]} 10. c5 {[%emt 0:02:28]} Nd7 {[%emt 0:04:02]} 11. Nxd7 {[%emt 0:08:17]} Qxd7 {[%emt 0:04:16]} 12. f4 {[%emt 0:00:09]} b6 {[%emt 0:04:37]} 13. b4 {[%emt 0:00:37]} bxc5 {[%emt 0:12:06]} 14. bxc5 {[%emt 0:00:31]} e5 {[%emt 0:00:05]} 15. fxe5 {[%emt 0:01:23]} f6 {[%emt 0:00:42]} 16. exf6 {[%emt 0:21:37]} Rxf6 {[%emt 0:00:32]} 17. Rf1 {[%emt 0:00:13]} Qc7 {[%emt 0:11:55]} 18. Qh5 {[%emt 0:02:40]} Be6 {[%emt 0:08:14]} 19. Rxf6 {[%emt 0:01:37]} Bxf6 {[%emt 0:00:06]} 20. Kd2 {[%emt 0:00:23]} Bf7 {[%emt 0:12:02]} 21. Qf5 {[%emt 0:16:37]} Qxh2 {[%emt 0:01:06]} 22. Rb1 {[%emt 0:02:46]} Qc7 {[%emt 0:06:42]} 23. Rf1 {[%emt 0:03:12]} Re8 {[%emt 0:01:48]} 24. Qh7+ {[%emt 0:09:17]} Kf8 {[%emt 0:00:04]} 25. Bg6 {[%emt 0:03:12]} Re6 {[%emt 0:02:47]} 26. Bf5 {[%emt 0:09:40]} Re8 {[%emt 0:03:32]} 27. Bg6 {[%emt 0:00:02]} Re6 {[%emt 0:00:05]} 28. Bf5 {[%emt 0:00:10]} Re8 {[%emt 0:00:05]} 29. Bg6 {[%emt 0:00:11]} Re6 {[%emt 0:00:06]} 30. Bxf7 {[%emt 0:05:55]} Kxf7 {[%emt 0:01:08]} 31. Rb1 {[%emt 0:00:10]} Re7 {[%emt 0:05:39]} 32. Qf5 {[%emt 0:01:21]} Kg8 {[%emt 0:04:20]} 33. Rb3 {[%emt 0:00:18]} Bg5 {[%emt 0:03:50]} 34. Ne2 {[%emt 0:00:11]} Bxe3+ {[%emt 0:01:05]} 35. Rxe3 {[%emt 0:01:24]} Qa5+ {[%emt 0:00:00]} 36. Rc3 {[%emt 0:00:49]} Rxe2+ {[%emt 0:00:03]} 37. Kxe2 {[%emt 0:00:05]} Qxc3 {[%emt 0:00:02]} 38. Qe6+ {[%emt 0:00:34]} Kh7 {[%emt 0:00:27]} 39. Qf5+ {[%emt 0:00:02]} Kg8 {[%emt 0:00:10]} 40. Qc8+ {[%emt 0:00:00]} Kh7 {[%emt 0:00:05]} 41. Qxc6 {[%emt 0:02:42]} Qc2+ {[%emt 0:00:57]} 42. Ke1 {[%emt 0:01:40]} Qe4+ {[%emt 0:01:16]} 43. Kf1 {[%emt 0:02:40]} Qd3+ {[%emt 0:00:06]} 44. Ke1 {[%emt 0:00:06]} Qxd4 {[%emt 0:11:19]} 45. Qb5 {[%emt 0:01:44]} a6 {[%emt 0:01:18]} 46. Qb1+ {[%emt 0:01:31]} Kg8 {[%emt 0:00:08]} 47. Qb8+ {[%emt 0:00:12]} Kh7 {[%emt 0:00:53]} 48. Qb1+ {[%emt 0:00:08]} Kg8 {[%emt 0:00:04]} 49. Qb8+ {[%emt 0:00:05]} Kh7 {[%emt 0:01:11]} 50. Qb1+ {[%emt 0:00:21]} Kg8 1/2-1/2